00720nam a2200253 a 4500001001300000003000900013005001700022008004100039020000800080082001800088100002700106245003400133260003500167300000900202500003500211505001000246650001800256650002300274700002700297902000800324942000700332952011400339999001300453nice12345678IN_TiNIC20260116011342.0050524s0000 luca grp 000 0 urd  ac600a891.4394bIKR aIkram, Shaikh Mohammad aGhalib Namah Ya Asar-E-Ghalib aLucknowbIhsan Pook Depoc0000 a384p aincludes index and biblioraphy2 aIndex aGhalib-Poetry aUrdu-Poetry-ghalib1 aIkram, Shaikh Mohammad bSRS cBK 001040708StackRoom-aHMIbHMId2007-06-01g6.00l0o891.4394 IKRp03762r2007-06-01v6.00w2005-05-24yBK c774d774